|
|
|
|
| LEADER |
01884nam a2200505 a 4500 |
| 001 |
nkc20081805403 |
| 003 |
CZ PrNK |
| 005 |
20080829100859.0 |
| 007 |
ta |
| 008 |
080522s2008 xr a e 000 0 cze |
| 015 |
|
|
|a cnb001805403
|
| 020 |
|
|
|a 978-80-7283-252-1
|q (brož.)
|
| 035 |
|
|
|a (OCoLC)237194223
|
| 040 |
|
|
|a OLA001
|b cze
|d ABA001
|
| 043 |
|
|
|a e-xr---
|
| 072 |
|
7 |
|a 620.1/.2
|x Nauka o materiálu
|2 Konspekt
|9 19
|
| 080 |
|
|
|a 620.193
|2 MRF
|
| 080 |
|
|
|a 620.197
|2 MRF
|
| 080 |
|
|
|a 006.7/.8
|2 MRF
|
| 080 |
|
|
|a (437.3)
|2 MRF
|
| 080 |
|
|
|a (083)
|2 MRF
|
| 080 |
|
|
|a (0.072)
|2 MRF
|
| 100 |
1 |
|
|a Geiplová, Hana,
|d 1958-
|7 mzk2008453458
|4 aut
|
| 245 |
1 |
0 |
|a Komentované vydání normy EN ISO 11303 :
|b směrnice pro volbu způsobů ochrany proti atmosférické korozi /
|c autoři díla Hana Geiplová, Kateřina Kreislová
|
| 246 |
3 |
0 |
|a EN ISO 11303 Směrnice pro volbu způsobů ochrany proti atmosférické korozi
|
| 246 |
3 |
0 |
|a Směrnice pro volbu způsobů ochrany proti atmosférické korozi
|
| 260 |
|
|
|a Praha :
|b Český normalizační institut,
|c 2008
|
| 300 |
|
|
|a 59 s. :
|b il. ;
|c 21 cm
|
| 504 |
|
|
|a Obsahuje bibliografii
|
| 650 |
0 |
7 |
|a koroze
|7 ph121875
|2 czenas
|
| 650 |
0 |
7 |
|a protikorozní ochrana
|7 ph172888
|2 czenas
|
| 650 |
0 |
7 |
|a technické normy a standardy
|7 ph260676
|z Česko
|2 czenas
|
| 650 |
0 |
9 |
|a corrosion
|2 eczenas
|
| 650 |
0 |
9 |
|a corrosion protection
|2 eczenas
|
| 650 |
0 |
9 |
|a technical standards
|z Czechia
|2 eczenas
|
| 655 |
|
7 |
|a normy
|7 fd131861
|2 czenas
|
| 655 |
|
7 |
|a komentovaná vydání
|7 fd132577
|2 czenas
|
| 655 |
|
9 |
|a standards
|2 eczenas
|
| 655 |
|
9 |
|a annotated editions
|2 eczenas
|
| 700 |
1 |
|
|a Kreislová, Kateřina,
|d 1963-
|7 mzk2008453275
|4 aut
|
| 910 |
2 |
|
|a BOA001
|b 2-1204.930
|
| 990 |
|
|
|a BK
|
| 995 |
|
|
|a 01
|
| 991 |
|
|
|b 200806
|c NOV
|
| 996 |
6 |
|
|b 2610345870
|c 2-1204.930
|l MZK
|r Sklad / do 1 hodiny
|n 2
|p p.v.
|w 000899696
|u 000010
|a 1
|e BOA001
|j MZK50
|s P
|